书目信息 |
| 题名: |
果蔬贮藏与保鲜
|
|
| 作者: | 薛卫东 编著 | |
| 分册: | ||
| 出版信息: | 成都 电子科技大学出版社 1996.5 |
|
| 页数: | 306页 | |
| 开本: | 19cm | |
| 丛书名: | ||
| 单 册: | ||
| 中图分类: | S609 | |
| 科图分类: | ||
| 主题词: | 园艺作物--贮藏 | |
| 电子资源: | ||
| ISBN: | 7-81043-476-4 | |
| 000 | 00519nam0 2200181 45 | |
| 001 | 0181022729 | |
| 005 | 20070110160717.07 | |
| 010 | @a7-81043-476-4@dCNY10.00 | |
| 100 | @a20810111d km y0chiy0120 ea | |
| 101 | 0 | @achi |
| 200 | 1 | @a果蔬贮藏与保鲜@Aguo shu zhu cang yu bao xian@f薛卫东编著@Fxue wei dongbian zhu |
| 210 | @a成都@c电子科技大学出版社@d1996.5 | |
| 215 | @a306页@d19cm | |
| 606 | 0 | @a园艺作物@x贮藏 |
| 690 | @aS609@v3 | |
| 701 | 0 | @a薛卫东@4编著 |
| 801 | @aCN@bTSTC@c20070110 | |
| 905 | @dS609@e51@f1@b273132 | |
| 果蔬贮藏与保鲜/薛卫东编著.-成都:电子科技大学出版社,1996.5 |
| 306页;19cm |
| ISBN 7-81043-476-4:CNY10.00 |
| ● |
| 相关链接 |
|
|
|
|
正题名:果蔬贮藏与保鲜
索取号:S609/51
 
预约/预借
| 序号 | 登录号 | 条形码 | 馆藏地/架位号 | 状态 | 备注 |
| 1 | 0273132 | 000718405 | 密集书库/ [索取号:S609/51] | 在馆 | |
| 2 | 0273133 | 000718370 | 第二样本阅览室/ [索取号:S609/51] | 在馆 | |
| 3 | 0552465 | 205524654 | 第三借阅区/ [索取号:S609/51] | 在馆 | |
| 4 | 0552466 | 205524663 | 密集书库/ [索取号:S609/51] | 在馆 | |
| 5 | 0552467 | 205524672 | 第三借阅区/ [索取号:S609/51] | 在馆 | |
| 6 | 0552468 | 205524681 | 密集书库/ [索取号:S609/51] | 在馆 | |
| 7 | 0552469 | 205524690 | 第三借阅区/ [索取号:S609/51] | 在馆 | |
| 8 | 0552470 | 205524707 | 密集书库/ [索取号:S609/51] | 在馆 |